Statistics for Geography of Sweden

Click here to take the quiz!

General Stats

  • This quiz has been taken 2,063 times
    (1,767 since last reset)
  • The average score is 12 of 20

Answer Stats

QuestionAnswer% Correct
What region includes Sweden, Norway, and Denmark?Scandinavia
98%
From what Swedish city could you cross that bridge?Malmö
89%
What city is the largest port in Sweden?Gothenburg
83%
In what sea is the above located?Baltic Sea
80%
What animal, starting with E, is Sweden's national animal?Elk
73%
What is Swedish for "Sweden"?Sverige
68%
What ethnic group inhabits the northern parts of Sweden, Norway and Finland?Sami
67%
What is the largest island of Sweden?Gotland
64%
What is the name of the bridge connecting Sweden to Denmark?Öresund Bridge
63%
What region spans between Sweden, Norway, Finland and Russia?Lapland
60%
What Protestant branch is the Church of Sweden part of?Lutheran
60%
What gulf is located between Sweden and Finland?Gulf of Bothnia
59%
What is the birth country of the greatest number of foreign-born Swedish residents?Syria
59%
In what city was the oldest university in Northern Europe founded?Uppsala
57%
What is the biggest city and the capital of that island?Visby
49%
What K city is the northernmost in Sweden, and has been relocating eastwards since 2014
to counter mining-related subsidence?
Kiruna
46%
What famous museum in Stockholm is dedicated to a warship?{Vasa} Museum
46%
What is the southernmost county / province of Sweden?Skåne (Scania)
45%
Name one of the two largest lakes by surface in Sweden. (both start with V)Vänern / Vättern
43%
What is the name of the Swedish parliament?Riksdag
38%

Score Distribution

Percentile by Number Answered

Percent of People with Each Score

Your Score History

You have not taken this quiz since the last reset